[Event "GER-chT U12"]
[Site "Magdeburg"]
[Date "2023.12.28"]
[Round "3.9"]
[White "Fuchs, Jakob"]
[Black "Maier, Kalle"]
[Result "0-1"]
[WhiteElo "1155"]
[BlackElo "1436"]
[PlyCount "101"]
[EventDate "2023.12.26"]
[EventType "team-swiss"]
[EventRounds "7"]
[EventCountry "GER"]
[SourceTitle "CB03_2024"]
[SourceDate "2024.01.17"]
[SourceVersion "1"]
[SourceVersionDate "2024.01.17"]
[SourceQuality "1"]
[WhiteTeam "Magdeburg Schachzwerge"]
[BlackTeam "Karlsruhe SF"]
[WhiteTeamCountry "GER"]
[BlackTeamCountry "GER"]

1. e4 c5 2. Nf3 d6 3. d4 cxd4 4. Nxd4 Nf6 5. Nc3 a6 6. Bd3 e6 7. Bg5 Be7 8. Qd2 Bd7 9. 0-0-0 0-0 10. Rde1 Nc6 11. Nf3 b5 12. a3 Qc7 13. h4 Rfb8 14. Na2 a5 15. h5 b4 16. a4 b3 17. Nc3 bxc2 18. Bxc2 Qb6 19. b3 Qd8 20. Nb5 Ne8 21. Bxe7 Qxe7 22. g4 Nb4 23. Bb1 Bxb5 24. axb5 Rxb5 25. e5 d5 26. Nd4 Rc5+ 27. Kb2 Rac8 28. Rc1 Rxc1 29. Rxc1 Rxc1 30. Qxc1 Qc7 31. f4 Qxc1+ 32. Kxc1 Nc7 33. Nc2 Nca6 34. Nxb4 axb4 35. Bd3 Nc5 36. Kc2 h6 37. Be2 g6 38. Bd1 gxh5 39. gxh5 f6 40. Kd2 fxe5 41. fxe5 Nd7 42. Bg4 Kf7 43. Ke3 Nxe5 44. Kf4 Nxg4 45. Kxg4 Kf6 46. Kf4 e5+ 47. Ke3 Kf5 48. Kf3 d4 49. Ke2 e4 50. Kd2 Kf4 51. Ke2 0-1

[Event "GER Pfingstopen U12"]
[Site "Playchess.com INT"]
[Date "2020.06.02"]
[Round "9"]
[White "Fridlin, Daniel"]
[Black "Maier, Kalle"]
[Result "1-0"]
[WhiteElo "1620"]
[BlackElo "1620"]
[PlyCount "57"]
[EventDate "2020.06.02"]
[EventType "swiss (blitz)"]
[EventRounds "11"]
[EventCountry "GER"]
[SourceTitle "CBM 197 Extra"]
[Source "ChessBase"]
[SourceDate "2020.09.30"]
[SourceVersion "1"]
[SourceVersionDate "2020.09.30"]
[SourceQuality "1"]

1. e4 e5 2. Nf3 Nc6 3. Nc3 Nf6 4. d4 exd4 5. Nxd4 Nxd4 6. Qxd4 d6 7. Bg5 h6 8. Bh4 Be7 9. 0-0-0 Be6 10. Bc4 Bxc4 11. Qxc4 Qd7 12. e5 Nd5 13. Rxd5 Bxh4 14. Qxh4 0-0 15. Rd3 Rfe8 16. exd6 cxd6 17. Rg3 Re7 18. Qxh6 g6 19. Rd3 Rae8 20. Qd2 b5 21. Rxd6 Qb7 22. Rg1 b4 23. Nd5 Qb8 24. Nxe7+ Rxe7 25. Rd8+ Qxd8 26. Qxd8+ Re8 27. Qxe8+ Kg7 28. Re1 Kf6 29. Qe5# 1-0

[Event "GER Pfingstopen U12"]
[Site "Playchess.com INT"]
[Date "2020.06.02"]
[Round "3"]
[White "Loeffelholz, Jonas"]
[Black "Maier, Kalle"]
[Result "0-1"]
[WhiteElo "1620"]
[BlackElo "1620"]
[PlyCount "60"]
[EventDate "2020.06.02"]
[EventType "swiss (blitz)"]
[EventRounds "11"]
[EventCountry "GER"]
[SourceTitle "CBM 197 Extra"]
[Source "ChessBase"]
[SourceDate "2020.09.30"]
[SourceVersion "1"]
[SourceVersionDate "2020.09.30"]
[SourceQuality "1"]

1. e4 c5 2. Bc4 e6 3. Nf3 d5 4. exd5 exd5 5. Bb5+ Bd7 6. Bxd7+ Nxd7 7. d3 Ngf6 8. Bg5 Be7 9. Bxf6 Bxf6 10. Nc3 Qe7+ 11. Kf1 Bxc3 12. bxc3 0-0 13. Rb1 b6 14. Rb5 Nf6 15. Ng5 h6 16. Nf3 Rfe8 17. g3 Qd7 18. Rb3 Qh3+ 19. Kg1 Ng4 20. c4 d4 21. Nh4 Ne5 22. f3 Ng6 23. Nxg6 fxg6 24. Kf2 Re7 25. Re1 Qxh2+ 26. Kf1 Rae8 27. Rxe7 Rxe7 28. Qe2 Qxe2+ 29. Kg1 Qd2 30. Kh1 Re1# 0-1

[Event "GER Pfingstopen U12"]
[Site "Playchess.com INT"]
[Date "2020.06.02"]
[Round "1"]
[White "Roessler, Helena"]
[Black "Maier, Kalle"]
[Result "1-0"]
[WhiteElo "1620"]
[BlackElo "1620"]
[PlyCount "45"]
[EventDate "2020.06.02"]
[EventType "swiss (blitz)"]
[EventRounds "11"]
[EventCountry "GER"]
[SourceTitle "CBM 197 Extra"]
[Source "ChessBase"]
[SourceDate "2020.09.30"]
[SourceVersion "1"]
[SourceVersionDate "2020.09.30"]
[SourceQuality "1"]

1. e4 c5 2. Nf3 d6 3. d4 cxd4 4. Nxd4 Nf6 5. Nc3 a6 6. Be3 e5 7. Nf3 Be7 8. Qd2 Be6 9. 0-0-0 Nbd7 10. Be2 Qc7 11. h3 0-0 12. g4 h6 13. g5 hxg5 14. Nxg5 Rfe8 15. Rhg1 g6 16. Nxe6 Qc8 17. Ng5 Bf8 18. Nd5 Nxd5 19. Qxd5 Re7 20. Bc4 Qe8 21. h4 Nf6 22. Qd3 Nh5 23. Qxd6 1-0

[Event "GER Pfingstopen U12"]
[Site "Playchess.com INT"]
[Date "2020.06.02"]
[Round "6"]
[White "Ziganenko, Daniel"]
[Black "Maier, Kalle"]
[Result "1-0"]
[WhiteElo "1567"]
[BlackElo "1620"]
[PlyCount "69"]
[EventDate "2020.06.02"]
[EventType "swiss (blitz)"]
[EventRounds "11"]
[EventCountry "GER"]
[SourceTitle "CBM 197 Extra"]
[Source "ChessBase"]
[SourceDate "2020.09.30"]
[SourceVersion "1"]
[SourceVersionDate "2020.09.30"]
[SourceQuality "1"]

1. e4 c5 2. Nf3 d6 3. Nc3 Nf6 4. Bc4 a6 5. a3 Bg4 6. d3 e6 7. h3 Bh5 8. Bg5 Be7 9. b4 cxb4 10. axb4 Nbd7 11. 0-0 Ne5 12. g4 Nxf3+ 13. Qxf3 Bg6 14. d4 b5 15. Bb3 Rc8 16. e5 Nd5 17. Bxe7 Nxe7 18. Qg3 dxe5 19. Qxe5 Rxc3 20. Qxg7 Rf8 21. Kg2 h5 22. gxh5 Bxh5 23. Qe5 Bf3+ 24. Kh2 Bd5 25. Bxd5 Qxd5 26. Rxa6 Qxe5+ 27. dxe5 Rxc2 28. Kg2 Re2 29. Rd1 Rg8+ 30. Kh1 Rxf2 31. Ra8+ Nc8 32. Rxc8+ Ke7 33. Rxg8 Rb2 34. Rgd8 Rxb4 35. R1d7# 1-0